000 00672nam a22001937a 4500
999 _c195258
_d195258
005 20230315113951.0
010 _aENG-136418
020 _c260.00
035 _aEN-119950
037 _bDBAD/PUB
082 _a574
245 _aAll India Medical Entrance Test :
_bPMT/PMD/NEET/
250 _aFirst
260 _bMayelmani Publishing House
_aChennai
_c2013
270 _aNO 27/12, Fanpet, VH Road,1st Street,Nandanam
_bChennai
_e600035
_k044-24340365
_k044-24896924
_k9840105352
_malagar.mani@gmail.com
_mmayelmani15@gmail.com
300 _a6.13,56p.
_c24cm(pbk)
500 _aEntrance Book For Higher Secondary (biology)
942 _2ddc
_cEN
_h574
_mILO